书目信息 |
| 题名: |
师资培育
|
|
| 作者: | 高熏芳 著 | |
| 分册: | ||
| 出版信息: | 北京 九州出版社 2006 |
|
| 页数: | 189页 | |
| 开本: | 24cm | |
| 丛书名: | 台湾教育名著丛书 | |
| 单 册: | ||
| 中图分类: | G424.1 , G632.4 | |
| 科图分类: | ||
| 主题词: | 案例--教学法--简介 , 课程--教案(教育)--简介--中小学 | |
| 电子资源: | ||
| ISBN: | 7-80195-520-X | |
| 000 | 01393nam0 2200385 450 | |
| 000 | 01356nam0 2200373 450 | |
| 000 | 01305nam0 2200361 450 | |
| 000 | 01270nam0 2200349 450 | |
| 000 | 01233nam0 2200337 450 | |
| 000 | 01197nam0 2200325 450 | |
| 000 | 01108nam0 2200289 450 | |
| 000 | 01072oam2 2200277 45 | |
| 001 | 1568864685 | |
| 005 | 20150127191401.75 | |
| 010 | @a7-80195-520-X@dCNY36.00(全十一册CNY395.00) | |
| 100 | @a20070619d2006 em y0chiy0120 ea | |
| 101 | 0 | @achi |
| 102 | @aCN@b110000 | |
| 105 | @ay z 000yy | |
| 200 | 1 | @a师资培育@AShi Zi Pei Yu@e教学案例的发展与应用策略@EJiao Xue An Li De Fa Zhan Yu Ying Yong Ce Lue@f高熏芳著@FGao Xun Fang Zhu |
| 210 | @a北京@c九州出版社@d2006 | |
| 215 | @a189页@d24cm | |
| 225 | 2 | @a台湾教育名著丛书@v1 |
| 305 | @a由HEDU高等教育文化事业有限公司(台湾)授权出版 | |
| 330 | @a本书作者以两年的时间,访谈了二十多位教学优良教师的案例,每个案例均经三位专家学者加以评析,并辅以讨论的问题。 | |
| 410 | 0 | @12001 @a台湾教育名著丛书 |
| 510 | 1 | @a教学案例的发展与应用策略@AJiao Xue An Li De Fa Zhan Yu Ying Yong Ce Lue |
| 606 | 0 | @a案例@x教学法@x简介 |
| 606 | 0 | @a课程@x教案(教育)@x简介@x中小学 |
| 690 | @aG424.1@v4 | |
| 690 | @aG632.4@v4 | |
| 701 | 0 | @a高熏芳@AGao Xun Fang@c(教育)@4著 |
| 801 | 0 | @aCN@bTAOJIN@c20070619 |
| 905 | @aZUCC@dG424.1@eJY2 | |
| 师资培育:教学案例的发展与应用策略/高熏芳著.-北京:九州出版社,2006 |
| 189页;24cm.-(台湾教育名著丛书;1) |
| ISBN 7-80195-520-X:CNY36.00(全十一册CNY395.00) |
| 本书作者以两年的时间,访谈了二十多位教学优良教师的案例,每个案例均经三位专家学者加以评析,并辅以讨论的问题。 |
| ● |
| 相关链接 |
|
|
|
|
正题名:师资培育
索取号:G424.1/JY2
 
预约/预借
| 序号 | 登录号 | 条形码 | 馆藏地/架位号 | 状态 | 备注 |
| 1 | 7845288 | 278452880 | 学院路分馆/ [索取号:G424.1/JY2] | 在馆 | |
| 2 | 7845289 | 278452899 | 学院路分馆/ [索取号:G424.1/JY2] | 在馆 | |
| 3 | 7845290 | 278452906 | 学院路分馆/ [索取号:G424.1/JY2] | 在馆 | |
| 4 | 7845291 | 278452915 | 学院路分馆/ [索取号:G424.1/JY2] | 在馆 | |
| 5 | 7845292 | 278452924 | 学院路分馆/ [索取号:G424.1/JY2] | 在馆 |